| 000 | 00901cam a2200241 4500 | ||
|---|---|---|---|
| 001 | WB3605-31 | ||
| 008 | 000000n2000 000 0 eng u | ||
| 035 | _a(Sirsi) u103950 | ||
| 245 | _aNo cap on negligence | ||
| 260 | _c2000 | ||
| 490 |
_aEstates Gazette _v (0004) 29 January 2000, 134(1) |
||
| 520 | _aLooks at who is responsible when a mortgaged property is negligently overvalued if the borrower defaults on repayments, leading to losses and a shortage of security. Uses the case "South Australia Asset Management Corporation v York Montague Ltd" (SAAMCO) as an example. | ||
| 590 | _aWB | ||
| 650 | _aSAAMCO | ||
| 650 | _aSOUTH AUSTRALIA ASSET MANAGEMENT CORPORATION V YORK MONTAGUE LTD | ||
| 650 | _aNEGLIGENT VALUATIONS | ||
| 650 | _aLOSS | ||
| 650 | _aOVERVALUATION | ||
| 650 | _aNEGLIGENCE | ||
| 650 | _aVALUERS | ||
| 690 | _aPROFESSIONAL PRACTICE-NEGLIGENCE | ||
| 942 | _n0 | ||
| 999 |
_c62386 _d62386 |
||